000 00778nas a2200253 4500
001 BR0405129
003 BR-BrBNA
005 20231205104919.0
007 ta
008 230509b bl.|||p| |||| 00| 00por d
040 _aBR-BrBNA
_bpor
_cBiblioteca Nacional de Agricultura
041 _a(Pt)
072 _aU10; E70
100 1 _aRocha, A.S.M.
100 1 _aPereira, C.A. dos S.
245 1 _aDeterminação do fator de correção de algumas hortaliças
650 _aHORTALIÇA
650 _aMODELO MATEMATICO
650 _aDESPERDICIO
650 _aCOMERCIALIZAÇÃO
773 0 _tOIKOS - Revista Brasileira de Economia Doméstica (Brazil)
_xISSN 0101-5273
_g(2003), v. 14(1) p. 77-82
_wBR0405129
909 _a202311
_bLúcia
_c55
_dLúcia Elande
942 _2AGRIS
_n0
_cANA
999 _c180273
_d180273